000 00547nam a2200193Ia 4500
005 20260120124626.0
008 008 260114s9999 xx 000 0 eng d
020 _a9780762311750
037 _aEBOOK
040 _aCRL
_beng
_cCRL
041 _aeng
_2eng
084 _qCRL
245 0 _aGlobal Trends in Educational Policy
260 _bEmerald Publishing
_c2005
700 _aDavid Baker
_9908531
856 _uhttps://www.emerald.com/insight/publication/doi/10.1016/S1479-3679(2005)6
942 _cEBOOK
999 _c1500427
_d1500427